Sổ tay tra cứu IC trong compact disc player

Gespeichert in:
Bibliographische Detailangaben
1. Verfasser: Phạm, Đình Bảo
Format: Buch
Sprache:Undetermined
Veröffentlicht: Hà Nội Thống kê 2000
Schlagworte:
Tags: Tag hinzufügen
Keine Tags, Fügen Sie den ersten Tag hinzu!
Thư viện lưu trữ: Trung tâm Học liệu Trường Đại học Cần Thơ
LEADER 00578nam a2200205Ia 4500
001 CTU_94984
008 210402s9999 xx 000 0 und d
020 |c 30000 
082 |a 621.3976 
082 |b B108/T.1 
100 |a Phạm, Đình Bảo 
245 0 |a Sổ tay tra cứu IC trong compact disc player 
245 0 |c Phạm Đình Bảo 
260 |a Hà Nội 
260 |b Thống kê 
260 |c 2000 
650 |a Electronics,Compact disc players 
650 |x Materials 
904 |i Trúc 
980 |a Trung tâm Học liệu Trường Đại học Cần Thơ